000
00306nam a2200133Ia 4500
008
240624s9999 xx 000 0 und d
041
_a
eng
082
_a
823 DIX
100
_a
DIXIT VARSHA
245
_a
RIGHT FIT WRONG SHOE
260
_c
2009
_a
New Delhi
_b
Rupa & Co.
300
_a
248 : p.
365
_c
RS
999
_c
17168
_d
17168